000 00433nam a2200169Ia 4500
999 _c543
_d543
003 OSt
005 20210913150451.0
008 190216s9999||||xx |||||||||||||| ||und||
040 _coclc
082 _a297
_bKAS/Q
100 _aKasir, Ibn
_98699
245 0 _aQasas Al Anbiyah /
_cIbn Kasir
260 _bDarul Maariy,
_aEgypt:
300 _a234p
650 _aArabic
942 _cBK
_2ddc
_h297
_iKAS/Q
_k297
_mKAS/Q